| 000 | 00411nam a2200145Ia 4500 | ||
|---|---|---|---|
| 008 | 100204s9999 xx 000 0 und d | ||
| 082 | _b23583 | ||
| 100 | _aKEENE CAROLYN | ||
| 245 | _aTHE NANCY DREW TILES STRANGE MEMORIES | ||
| 260 |
_b"BBANTAM BOOKS, N YORK" _c1997 |
||
| 300 | _a149 | ||
| 630 | _aTHE NANCY DREW TILES STRANGE MEMORIES | ||
| 730 | _aTHE NANCY DREW TILES STRANGE MEMORIES | ||
| 942 | _cBOOK | ||
| 999 |
_c468835 _d468832 |
||